| 000 | 00601nam a2200217 a 4500 | ||
|---|---|---|---|
| 001 | 44456 | ||
| 003 | BD-RjUL | ||
| 005 | 20211209053849.0 | ||
| 008 | 170716s1955 enka 000 0 eng d | ||
| 035 | _a(BD-RjUL)44574 | ||
| 040 |
_aANL _beng _cANL _dNU _dBD-RjUL |
||
| 041 | _aeng | ||
| 082 |
_223 _a321.86 _bPLR 1955 |
||
| 100 | 0 |
_aPlato. _9136437 |
|
| 245 | 1 | 0 |
_aRepublic / _cintrod. by A. D. Lindsay : [bibliog.]. |
| 260 |
_aLondon : _bPenguin book, _c1955 |
||
| 300 |
_a405 p. : _bill. ; _c16 cm. |
||
| 650 |
_aRepublics _9136438 |
||
| 700 |
_aLee D.H, (Translator) _9136439 |
||
| 942 |
_2ddc _cBK _01 |
||
| 999 |
_c44456 _d44456 |
||